| 000 | 00377 a2200145 4500 | ||
|---|---|---|---|
| 005 | 20250627164702.0 | ||
| 020 | _a0-03-923137-2 | ||
| 082 | _a650 BOO | ||
| 100 | _aBOONE, L.E. | ||
| 245 | _aBusiness. | ||
| 260 |
_aNew York, _bHarcourt Brace & Company, _c1998. |
||
| 300 |
_axvii, 466p.: ill.; figure, table _bGlossary & Index _c28cm |
||
| 700 | _aKURTZ, D. L. | ||
| 942 |
_2ddc _cBKS |
||
| 999 |
_c5762 _d5762 |
||